00576nam a2200193 a 4500001001300000003000900013005001700022008004100039020001000080082001600090100003200106245007800138260004700216300000900263500003500272505002300307650002000330700003200350nice12345678IN_TiNIC20260116011342.0050524s1914 cala grp 000 0 eng  ac10000a394.26bIMP aImperial Record, Department aAlphabetical List of the Feasts and Holidays of the Hindus & Muhammadans. aCalcuttabImperial Record Departmentc1914 a123p aincludes index and biblioraphy2 aAppendices, Plates aFestivals-India1 aImperial Record, Department